000 00387cam a22001337a 4500
008 180718b1968 xxu||||| |||| 00| 0 eng d
082 _aA98x54 Ai98
100 _aAiyar, C.P. Ramaswami
245 _aBiographical visitas: sketches of some eminent Indians
_cby C.P. Ramaswami Aiyar
260 _aBombay
_bAsia
_c1968
300 _a292p.
500 _aRs.25.00
650 _aIndia - Biography
999 _c357231
_d357231